Statistics for Most Visited Cities In Africa By Pictures

Click here to take the quiz!

General Stats

  • This quiz has been taken 90 times
  • The average score is 6 of 10

Answer Stats

Answer% Correct
Cairo
98%
Cape Town
90%
Accra
80%
Johannesburg
80%
Casablanca
79%
Nairobi
70%
Lagos
61%
Durban
36%
Dakar
31%
Entebba
0%

Score Distribution

Percentile by Number Answered

Percent of People with Each Score

Your Score History

You have not taken this quiz